Yeh Darakti Zameen: Bharat ka Paristhitik Itihas (Record no. 1326)

MARC details
000 -LEADER
fixed length control field 00416nam a2200157Ia 4500
003 - CONTROL NUMBER IDENTIFIER
control field OSt
005 - DATE AND TIME OF LATEST TRANSACTION
control field 20230927152043.0
008 - FIXED-LENGTH DATA ELEMENTS--GENERAL INFORMATION
fixed length control field 230219s9999 xx 000 0 und d
020 ## - INTERNATIONAL STANDARD BOOK NUMBER
International Standard Book Number 9780199485208
082 ## - DEWEY DECIMAL CLASSIFICATION NUMBER
Classification number 304.28
Item number GADY
100 ## - MAIN ENTRY--PERSONAL NAME
Personal name GADGIL, Madhav & GUHA, Ramchandra
245 #0 - TITLE STATEMENT
Title Yeh Darakti Zameen: Bharat ka Paristhitik Itihas
260 ## - PUBLICATION, DISTRIBUTION, ETC.
Place of publication, distribution, etc. NEW DELHI
Name of publisher, distributor, etc. Oxford press
Date of publication, distribution, etc. 2018
300 ## - PHYSICAL DESCRIPTION
Extent 271
942 ## - ADDED ENTRY ELEMENTS (KOHA)
Koha item type Book
Source of classification or shelving scheme Dewey Decimal Classification
Holdings
Withdrawn status Lost status Source of classification or shelving scheme Damaged status Not for loan Collection code Home library Current library Shelving location Date acquired Cost, normal purchase price Full call number Barcode Date last seen Price effective from Koha item type Public note
    Dewey Decimal Classification     Non-fiction RIC Library RIC Library General Stacks 02/19/2023 375.00 304.280 GADY 000727 02/19/2023 02/19/2023 Book R-5.3

Venue

Rajasthan International Centre
Sansthan Path,JLN Marg, Jaipur- 302017
Phone: +91-7230904025